Riadenie výroby v japonských podnikoch ťažkého priemyslu

Japonská spoločnosť Japan Steel Works Ltd. vyrába oceľové produkty, stroje a zariadenia. Článok charakterizuje metódy riadenia výroby v tomto podniku. Riadenie kvality. Total Quality Control - komplexné riadenie akosti. Systém dodávok, ktorý nepoužíva sklady.

Salvato in:
Dettagli Bibliografici
Autore principale: Jagi, N.
Natura: Capitolo di libro
Lingua:slovacco
Soggetti:
Tags: Aggiungi Tag
Nessun Tag, puoi essere il primo ad aggiungerne!!

MARC

LEADER 00000naa a2200000 4500
001 r018815
005 20221213101044.7
041 0 |a slo 
044 |a SK 
245 1 0 |a Riadenie výroby v japonských podnikoch ťažkého priemyslu  |c N. Jagi 
520 |a Japonská spoločnosť Japan Steel Works Ltd. vyrába oceľové produkty, stroje a zariadenia. Článok charakterizuje metódy riadenia výroby v tomto podniku. Riadenie kvality. Total Quality Control - komplexné riadenie akosti. Systém dodávok, ktorý nepoužíva sklady. 
610 2 0 |a Japonsko 
610 2 0 |a Japan Steel Works Ltd. 
610 2 0 |a priemysel ťažký 
610 2 0 |a riadenie výroby 
610 2 0 |a kvalita 
610 2 0 |a riadenie kvality 
610 2 0 |a dodávky 
100 1 |a Jagi, N.